[Event "Titled Tue 27th May Early"]
[Site "chess.com INT"]
[Date "2025.05.27"]
[Round "7"]
[White "Pribelszky, Bence"]
[Black "Modric, Nesa"]
[Result "1-0"]
[WhiteTitle "IM"]
[BlackTitle "CM"]
[WhiteElo "2400"]
[BlackElo "2088"]
[WhiteFideId "769738"]
[BlackFideId "922579"]
[EventDate "2025.05.27"]

1. e4 c6 2. d4 d5 3. e5 Bf5 4. Nf3 e6 5. Be2 Nd7 6. O-O Bg6 7. c3 Ne7 8. b4 a5
9. b5 c5 10. c4 Nf5 11. cxd5 exd5 12. Nc3 cxd4 13. Nxd5 Bc5 14. Bg5 f6 15. exf6
Nxf6 16. Nxf6+ gxf6 17. Bf4 O-O 18. Bd3 Ne7 19. Rc1 b6 20. Re1 Kg7 21. Qd2 Re8
22. Bh6+ Kh8 23. Bc4 Nf5 24. Rxe8+ Qxe8 25. Re1 Qd8 26. Qf4 Bd6 27. Qd2 Bb4 28.
Qf4 Bxe1 29. Nxe1 Nxh6 30. Qxh6 Rc8 31. Bf1 d3 32. Nxd3 Bxd3 33. Bxd3 Qxd3 34.
Qxf6+ Kg8 35. Qe6+ Kg7 36. Qe7+ Kh6 37. Qe6+ Qg6 38. Qh3+ Kg7 39. Qd7+ Kh6 40.
Qh3+ Kg5 41. f4+ Kxf4 42. Qxc8 Qb1+ 43. Kf2 Qxa2+ 44. Ke1 Qb1+ 45. Kd2 Qb2+ 46.
Kd1 Qxb5 47. Qf8+ Ke3 48. Qf3+ Kd4 49. Qf4+ Kd5 50. Qf5+ Kc4 51. Qxh7 Qb3+ 52.
Kd2 Qb2+ 53. Ke3 Qxg2 54. h4 Kb5 55. h5 Qg3+ 56. Ke4 Qg4+ 57. Ke5 Qg3+ 58. Kf6
Qd6+ 59. Kg5 Qg3+ 60. Kf6 Qf4+ 61. Qf5+ Qxf5+ 62. Kxf5 a4 63. h6 a3 64. h7 a2
65. h8=Q Ka4 66. Qb2 b5 67. Qxa2+ Kb4 68. Qb2+ Kc4 69. Ke4 b4 70. Qc2+ Kb5 71.
Qb3 Ka5 72. Kd5 Kb5 73. Kd4 Ka5 74. Kc5 Ka6 75. Qxb4 Ka7 76. Kc6 Ka8 77. Qb7# 1-0

[Event "Titled Tue 27th May Early"]
[Site "chess.com INT"]
[Date "2025.05.27"]
[Round "7"]
[White "Khodashenas, Mersad"]
[Black "Shevchenko, Yaroslav"]
[Result "1-0"]
[WhiteTitle "IM"]
[WhiteElo "2471"]
[BlackElo "2137"]
[WhiteFideId "12514195"]
[BlackFideId "34144684"]
[EventDate "2025.05.27"]

1. e4 c5 2. Nf3 e6 3. d4 cxd4 4. Nxd4 Nc6 5. Nc3 Nf6 6. Ndb5 Bc5 7. Bf4 O-O 8.
Bc7 Qe7 9. Bd6 Bxd6 10. Qxd6 Ne8 11. Qxe7 Nxe7 12. O-O-O f5 13. Nd6 Nxd6 14.
Rxd6 fxe4 15. Nxe4 Nf5 16. Rd2 d5 17. Ng5 Nd6 18. Bd3 h6 19. Nf3 Bd7 20. Ne5 Bb5
21. Re1 Bxd3 22. cxd3 Nb5 23. d4 Rac8+ 24. Kd1 Rf4 25. Nf3 Rc6 26. Re3 a6 27. g3
Rf8 28. Ne5 Rc7 29. f4 Rfc8 30. Ke2 Rc2 31. Nf3 Kf7 32. Rd3 Nd6 33. Ne5+ Ke7 34.
Rxc2 Rxc2+ 35. Rd2 Rc1 36. Kd3 Nf5 37. g4 Nd6 38. Rc2 Rxc2 39. Kxc2 Nb5 40. Kd3
a5 41. h4 Nd6 42. h5 Ne4 43. Kc2 Nf2 44. Kb3 Nh3 45. Ka4 Nxf4 46. Kxa5 Ne2 47.
Nf3 Kd7 48. Kb6 Kc8 49. a4 Nc1 50. b4 Kb8 51. Kc5 Kc7 52. Kb5 Nb3 53. a5 Nc1 54.
a6 b6 55. a7 Kb7 56. a8=Q+ Kxa8 57. Kxb6 Kb8 58. Kc6 Nd3 59. Kd6 Nxb4 60. Kxe6
Nd3 61. Kxd5 Nf2 62. Ne5 Kc7 63. Ke6 Nh3 64. Kf7 Kd6 65. Kxg7 Ng5 66. Kxh6 Ne4
67. Kg6 Kd5 68. h6 1-0

[Event "Titled Tue 27th May Early"]
[Site "chess.com INT"]
[Date "2025.05.27"]
[Round "7"]
[White "Kushko, Dmitriy"]
[Black "Kosakowski, Jakub"]
[Result "1-0"]
[WhiteTitle "IM"]
[BlackTitle "GM"]
[WhiteElo "2454"]
[BlackElo "2530"]
[WhiteFideId "14162261"]
[BlackFideId "1185080"]
[EventDate "2025.05.27"]

1. g3 f5 2. Bg2 Nf6 3. c4 g6 4. Nc3 Bg7 5. e3 O-O 6. Nge2 d6 7. O-O e5 8. d3 c6
9. b4 a6 10. Rb1 Be6 11. a4 Nbd7 12. b5 axb5 13. axb5 Rc8 14. Ba3 Qc7 15. Qd2
Nc5 16. Qc2 Ra8 17. Bb4 e4 18. dxe4 Nfxe4 19. bxc6 bxc6 20. Nxe4 Nxe4 21. Nf4
Bf7 22. Rfd1 c5 23. Be1 Rfe8 24. Nd5 Bxd5 25. Rxd5 Rab8 26. Rdd1 Nf6 27. Rxb8
Rxb8 28. Qd3 Rb6 29. Ba5 Bf8 30. h4 Kg7 31. Bf3 h5 32. Kg2 Qb8 33. Bxb6 Qxb6 34.
Rb1 Qd8 35. Rb7+ Be7 36. Qb3 Qf8 37. Qb6 Qf7 38. Qc7 Kf8 39. Ra7 Qe6 40. Qb7 Qe5
41. Bd5 Ng4 42. Qb8+ Kg7 43. Qg8+ Kh6 44. Ra8 Qb2 45. Qh8+ Qxh8 46. Rxh8+ Kg7
47. Ra8 Ne5 48. Ra7 Kf6 49. f4 Ng4 50. Kf3 Nh2+ 51. Ke2 Ng4 52. e4 fxe4 53. Bxe4
Ke6 54. Bxg6 Nf6 55. Kf3 Bd8 56. Be4 Bb6 57. Rb7 Ba5 58. Rb1 Bc3 59. Rd1 Bd4 60.
Rb1 Ke7 61. Rb7+ Ke6 62. Rb8 Ke7 63. Bg6 Bc3 64. Rh8 Ke6 65. Bxh5 d5 66. cxd5+
Nxd5 67. Rh6+ Ke7 68. Bg6 Bg7 69. Rh7 Kf6 70. Be4 Ne7 71. g4 c4 72. g5+ Kf7 73.
h5 Kg8 74. h6 Bf8 75. g6 c3 76. g7 1-0

[Event "Titled Tue 27th May Early"]
[Site "chess.com INT"]
[Date "2025.05.27"]
[Round "7"]
[White "Terry, Renato"]
[Black "Lazavik, Denis"]
[Result "0-1"]
[WhiteTitle "IM"]
[BlackTitle "GM"]
[WhiteElo "2508"]
[BlackElo "2577"]
[WhiteFideId "3803457"]
[BlackFideId "13515110"]
[EventDate "2025.05.27"]

1. e4 c5 2. Nf3 Nc6 3. Bb5 e6 4. O-O Nge7 5. Re1 Nd4 6. Bf1 Nxf3+ 7. Qxf3 Nc6 8.
c3 Be7 9. d3 O-O 10. Nd2 d5 11. Qg3 d4 12. c4 e5 13. Nf3 Bf6 14. Bd2 Rb8 15. Be2
Qe7 16. Bd1 a6 17. a4 b6 18. h3 Be6 19. Bc2 Kh8 20. Reb1 g6 21. Bh6 Rfe8 22. Bd2
Bg7 23. Ng5 Bd7 24. Bd1 h6 25. Nf3 Kh7 26. Nh2 f5 27. Nf3 f4 28. Qh2 Rf8 29. Kh1
h5 30. Qg1 Bh6 31. Nh2 Kg7 32. Bf3 Rh8 33. Qe1 a5 34. b3 Qf7 35. Qe2 Bg5 36. Rg1
Rbg8 37. g4 hxg4 38. Bxg4 Bf6 39. Qf3 Rh7 40. Kg2 Rgh8 41. Rh1 Nd8 42. Bxd7 Qxd7
43. Qg4 Qe7 44. Nf3 Nf7 45. Kf1 Rh5 46. Ke2 Ng5 47. Qg2 Nxf3 48. Qxf3 Qe6 49.
Qg2 Rxh3 50. f3 g5 51. Rag1 R8h5 52. Be1 Qc8 53. Bf2 Qh8 54. Rxh3 Rxh3 55. Qg4
Rh2 56. Qd7+ Kg6 57. Qf5+ Kg7 58. Qd7+ Kh6 59. Qf5 Qg7 60. Qe6 Qg6 61. Qxb6 Bg7
62. Qxg6+ Kxg6 63. Kf1 Bf6 64. Rg2 Rh3 65. Ke2 Bd8 66. Rg1 Rh7 67. Re1 Rb7 68.
Rb1 Rh7 69. Rg1 Rb7 70. Rb1 g4 71. fxg4 Rh7 72. Kf3 Rh3+ 73. Ke2 Rh2 74. Kf3 Bh4
75. Bxh4 Rxh4 0-1

[Event "Titled Tue 27th May Early"]
[Site "chess.com INT"]
[Date "2025.05.27"]
[Round "7"]
[White "Maslovskiy, Vladimir"]
[Black "Karttunen, Mika"]
[Result "0-1"]
[WhiteTitle "FM"]
[BlackTitle "IM"]
[WhiteElo "2370"]
[BlackElo "2490"]
[WhiteFideId "24273546"]
[BlackFideId "502081"]
[EventDate "2025.05.27"]

1. e4 c5 2. Nf3 d6 3. d4 cxd4 4. Nxd4 Nf6 5. Nc3 a6 6. Be2 e5 7. Nb3 Be7 8. Bg5
Nbd7 9. a4 h6 10. Be3 O-O 11. O-O Qc7 12. a5 Nc5 13. Nxc5 dxc5 14. Bc4 Bg4 15.
f3 Be6 16. Qe2 Qc6 17. Rfd1 Rfd8 18. Bxe6 Qxe6 19. Na4 Rxd1+ 20. Rxd1 Rc8 21.
Nb6 Rc7 22. c4 Nh5 23. Qd2 Nf6 24. Qc2 g5 25. Nd5 Nxd5 26. exd5 Qd6 27. Bd2 Qg6
28. Qxg6+ fxg6 29. Bc3 Bd6 30. Re1 Re7 31. Re4 Kf7 32. Kf2 Kf6 33. Ke2 Re8 34.
g3 Kf7 35. Kd3 Re7 36. Ke2 Re8 37. Kd3 Re7 38. h3 Re8 39. Bd2 Re7 40. Bc3 Re8
41. b3 Re7 42. Bd2 Re8 43. h4 gxh4 44. gxh4 h5 45. Bg5 Rb8 46. f4 Re8 47. fxe5
Rxe5 48. Bf4 Rxe4 49. Kxe4 Be7 50. Bg3 Bd8 51. Bf2 Bxa5 52. Bxc5 Be1 53. d6 Bxh4
54. Kd5 Bd8 55. Be3 g5 56. b4 g4 57. Bf4 h4 58. c5 g3 59. c6 bxc6+ 60. Kxc6 Ke6
61. d7 g2 62. Bh2 h3 63. Bg1 Kf5 64. Bh2 Ke6 65. Bg1 Kf5 66. Kb7 Ke6 67. Kc8 Ke7
68. Bc5+ Kf7 69. Kxd8 h2 70. Kc8 h1=Q 71. d8=Q g1=Q 72. Qf8+ Ke6 73. Qe7+ Kd5
74. Qd7+ Kc4 75. Bxg1 Qxg1 0-1

[Event "Titled Tue 27th May Early"]
[Site "chess.com INT"]
[Date "2025.05.27"]
[Round "7"]
[White "Sava, Robert-Gabriel"]
[Black "Mateus, Martha"]
[Result "1-0"]
[WhiteTitle "CM"]
[BlackTitle "WIM"]
[WhiteElo "2155"]
[BlackElo "1963"]
[WhiteFideId "1265725"]
[BlackFideId "4401549"]
[EventDate "2025.05.27"]

1. e4 c5 2. Nf3 d6 3. d4 cxd4 4. Nxd4 Nf6 5. Bd3 e5 6. Nf3 h6 7. O-O Be7 8. Nbd2
O-O 9. Nc4 b5 10. Ne3 Bb7 11. Nd5 Bxd5 12. exd5 e4 13. Bxb5 exf3 14. Qxf3 Nbd7
15. Be3 Ne5 16. Qd1 Rb8 17. c4 Qc7 18. Qa4 a5 19. Bd4 Nd3 20. Rad1 Nc5 21. Qc2
Nfd7 22. a4 Bf6 23. Bc3 Bxc3 24. Qxc3 Rfe8 25. b4 axb4 26. Qxb4 Ra8 27. Rfe1
Rxe1+ 28. Qxe1 Ne5 29. f4 Ned3 30. Qe3 Nb2 31. Re1 Nbxa4 32. f5 Nb2 33. f6 Nbd3
34. fxg7 Nxe1 35. Qxh6 f6 36. Qh8+ Kf7 37. Qxa8 Kxg7 38. Qa1 Ned3 39. Qd1 Ne5
40. Kh1 Qe7 41. Qe1 Ng6 42. Qg3 Qe2 43. h4 Qd1+ 44. Kh2 Qd3 45. h5 Qxg3+ 46.
Kxg3 Ne5 47. Kf4 Ned3+ 48. Kf5 Ne5 49. g4 Nf3 50. Kf4 Ng5 51. Kf5 Nf7 52. Kf4
Nh6 53. g5 fxg5+ 54. Kxg5 Nf7+ 55. Kf5 Ne5 56. Kg5 Kh7 57. Be8 Nxc4 58. Bg6+ Kg7
59. h6+ Kh8 60. Kf6 Ne5 61. Bf5 Nf3 62. Ke7 Nh4 63. Bc2 Nb7 64. Kd7 Nf3 65. Kc6
Nc5 66. Kxd6 Nb7+ 67. Kc7 Nc5 68. d6 Nd4 69. Bg6 Nde6+ 70. Kc6 Nf8 71. Kxc5 Nxg6
72. d7 Kh7 73. d8=Q Nf8 74. Qf6 1-0

[Event "Titled Tue 27th May Early"]
[Site "chess.com INT"]
[Date "2025.05.27"]
[Round "7"]
[White "Aarit Kapil"]
[Black "Bogaudinov, Rushan"]
[Result "1-0"]
[WhiteTitle "CM"]
[BlackTitle "FM"]
[WhiteElo "2098"]
[BlackElo "1912"]
[WhiteFideId "33408947"]
[BlackFideId "4129288"]
[EventDate "2025.05.27"]

1. Nf3 d5 2. g3 e6 3. Bg2 Nf6 4. Kf1 b6 5. d3 Bb7 6. h4 c5 7. e3 Nc6 8. Qe2 Qc7
9. Kg1 Bd6 10. Kh2 Ng4+ 11. Kh3 f5 12. Rf1 O-O-O 13. Ng5 Qe7 14. f3 Nf6 15. Kh2
h6 16. Nh3 Nh5 17. f4 Nf6 18. b4 Ng4+ 19. Kg1 Nxb4 20. Bb2 Rhg8 21. e4 g5 22.
hxg5 hxg5 23. Nxg5 Rxg5 24. fxg5 Qxg5 25. exf5 Bxg3 26. Qxe6+ Kb8 27. Rf3 Bh2+
28. Kf1 d4 29. Bh1 Ne3+ 30. Ke2 Nbxc2 31. Nd2 Nd5 32. Ne4 Nf4+ 33. Rxf4 Qxf4 34.
Rd1 Qe3+ 35. Kf1 Nb4 36. Bc1 Qg1+ 37. Ke2 Qg8 38. Qxg8 Rxg8 39. Bf3 Be5 40. Rh1
Nd5 41. Rh7 Ba6 42. Ng5 Nc3+ 43. Kf1 Rf8 44. Ne6 Re8 45. Be2 Bc8 46. Bg5 Nxe2
47. Kxe2 Bxe6 48. fxe6 Rxe6 49. Kf3 Bc7 50. Rf7 Rc6 51. Ke4 b5 52. Kd5 Kb7 53.
Bf4 a6 54. Be5 a5 55. Re7 a4 56. Rxc7+ Rxc7 57. Bxc7 Kxc7 58. Kxc5 a3 59. Kxb5
Kb7 60. Kc4 Kb6 61. Kxd4 Kc6 62. Kc4 Kb6 63. Kb3 Kc6 64. Kxa3 Kb5 65. Kb3 Kc5
66. Kc3 Kd5 67. d4 Kc6 68. Kc4 Kb6 69. d5 Ka6 70. Kc5 Kb7 71. Kd6 Kc8 72. Ke7
Kc7 73. d6+ Kb7 74. d7 Kc6 75. d8=Q Kb7 76. Qd2 Kc7 77. Qb2 Kc6 78. a4 Kc7 79.
a5 Kc8 80. a6 Kc7 81. a7 Kc8 82. a8=Q+ Kc7 83. Qab7# 1-0

[Event "Titled Tue 27th May Early"]
[Site "chess.com INT"]
[Date "2025.05.27"]
[Round "7"]
[White "Nugroho, Angel Ruth"]
[Black "Sarasketa Irastortza, Oier"]
[Result "1-0"]
[WhiteTitle "WCM"]
[BlackTitle "CM"]
[WhiteElo "1907"]
[BlackElo "2190"]
[WhiteFideId "7111975"]
[BlackFideId "54728207"]
[EventDate "2025.05.27"]

1. e4 e5 2. Nf3 Nc6 3. Bc4 Bc5 4. O-O Nf6 5. d3 d6 6. c3 a5 7. Nbd2 O-O 8. Re1
Ba7 9. Nf1 Be6 10. Bb3 Bxb3 11. axb3 d5 12. Bg5 dxe4 13. dxe4 Qe7 14. Ng3 h6 15.
Nf5 Qe6 16. Be3 Rad8 17. Qc2 Bxe3 18. Rxe3 Kh7 19. h3 g6 20. Ng3 Rd7 21. Rd1
Rxd1+ 22. Qxd1 Rd8 23. Qc2 Qd6 24. Kh2 Kg7 25. Nh4 Qd2 26. Re2 Qxc2 27. Rxc2 Rd1
28. Nf3 Nd7 29. Rd2 Rxd2 30. Nxd2 Nc5 31. Kg1 Nd3 32. Kf1 b5 33. Ke2 Nxb2 34.
Ngf1 a4 35. bxa4 Nxa4 36. Kd3 Nc5+ 37. Kc2 Kf6 38. Ne3 Ke6 39. Nd5 Na6 40. Nb3
f5 41. f3 fxe4 42. fxe4 Ne7 43. Kd3 Nxd5 44. exd5+ Kxd5 45. Nd2 c5 46. Ne4 c4+
47. Ke3 b4 48. cxb4 Nxb4 49. Nf6+ Kc5 50. Ne4+ Kd5 51. Nc3+ Ke6 52. Ke4 Nd3 53.
Nb5 Nf4 54. Kf3 Kd7 55. h4 Kc6 56. Nc3 Ne6 57. Ke4 Kd6 58. Nb5+ Kc5 59. Nc3 Kb4
60. Nd5+ Kb3 61. Kxe5 Nc5 62. Kf6 c3 63. Nxc3 Kxc3 64. Kxg6 Ne4 65. Kxh6 Kd4 66.
g4 Ke5 67. Kg7 Ke6 68. h5 Ke5 69. h6 Ng5 70. Kg6 Kf4 71. Kh5 Nh7 72. Kh4 Ng5 73.
Kh5 Nh7 74. g5 Nxg5 75. Kg6 Nh7 76. Kxh7 Kf5 77. Kg8 Kg6 78. h7 Kf6 79. h8=Q+ 1-0

[Event "Titled Tue 27th May Early"]
[Site "chess.com INT"]
[Date "2025.05.27"]
[Round "7"]
[White "Pakleza, Zbigniew"]
[Black "Iljin, Timofey"]
[Result "1/2-1/2"]
[WhiteTitle "GM"]
[BlackTitle "IM"]
[WhiteElo "2484"]
[BlackElo "2242"]
[WhiteFideId "1119290"]
[BlackFideId "14110180"]
[EventDate "2025.05.27"]

1. d4 Nf6 2. Nf3 d6 3. Bf4 g6 4. e3 Bg7 5. h3 O-O 6. Be2 Nc6 7. O-O Re8 8. Bh2
Nd7 9. c4 e5 10. Nc3 exd4 11. exd4 Nf6 12. Re1 Bf5 13. a3 Ne4 14. Nd5 Rc8 15.
Bd3 Qd7 16. Qc2 Nf6 17. Bxf5 Qxf5 18. Qxf5 gxf5 19. Rxe8+ Nxe8 20. Bf4 Kf8 21.
Be3 Nf6 22. Nc3 Ne4 23. Nd5 Na5 24. Rc1 Nb3 25. Rc2 c6 26. Nf4 a5 27. Ne2 a4 28.
Nh4 f4 29. Bxf4 Nxd4 30. Nxd4 Bxd4 31. Nf5 Bc5 32. Bh6+ Ke8 33. Re2 d5 34. Be3
Kf8 35. Bxc5+ Nxc5 36. cxd5 cxd5 37. Rc2 Rc7 38. Nd6 Ke7 39. Nxb7 Rxb7 40. Rxc5
Rxb2 41. Ra5 d4 42. Rxa4 d3 43. Rd4 Rb3 44. a4 Ra3 45. Kh2 Ke6 46. f4 d2 47.
Rxd2 Rxa4 48. Kg3 Kf6 49. Kg4 Kg7 50. g3 Rb4 51. Rd5 Rb6 52. Re5 Ra6 53. Rg5+
Kf8 54. Kh4 h6 55. Rd5 Kg7 56. g4 Ra3 57. Rd6 Rb3 58. f5 Rf3 59. Rd2 h5 60. Kg5
hxg4 61. hxg4 Rf1 62. Rd6 Ra1 63. Rd5 Ra2 64. Rd6 Ra1 65. Rb6 Ra2 66. Rc6 Ra1
67. f6+ Kh7 68. Rc7 Ra5+ 69. Kf4 Kg6 70. Rc6 Ra4+ 71. Kg3 Ra3+ 72. Kh4 Ra1 73.
Kg3 Rf1 74. Rc5 Rxf6 75. Rc4 Ra6 76. Rc5 Ra3+ 77. Kh4 Ra1 78. Rg5+ Kf6 79. Rf5+
Kg6 80. Rg5+ Kf6 81. Rf5+ Kg6 82. Rg5+ 1/2-1/2

[Event "Titled Tue 27th May Early"]
[Site "chess.com INT"]
[Date "2025.05.27"]
[Round "7"]
[White "Xue, Haowen"]
[Black "Kovalenko, Igor"]
[Result "0-1"]
[WhiteTitle "GM"]
[BlackTitle "GM"]
[WhiteElo "2518"]
[BlackElo "2676"]
[WhiteFideId "8625492"]
[BlackFideId "14117908"]
[EventDate "2025.05.27"]

1. e4 d5 2. exd5 Qxd5 3. Nf3 Bg4 4. Be2 Nc6 5. h3 Bh5 6. d4 e6 7. c3 Nf6 8. Nbd2
Be7 9. Qb3 O-O-O 10. O-O Rhf8 11. Re1 a6 12. Nc4 h6 13. Bf4 g5 14. Bg3 Ne4 15.
Bh2 f5 16. Nfd2 Bxe2 17. Rxe2 Nxd2 18. Nxd2 Rf6 19. Rae1 Qxb3 20. axb3 Kd7 21.
b4 f4 22. Kf1 Bd6 23. Bg1 Rg6 24. f3 Ne7 25. Ne4 Nf5 26. Bf2 h5 27. Rd1 c6 28.
Ke1 Kc7 29. Kd2 Rf8 30. Kc2 Rf7 31. Rde1 Ng7 32. Kb3 Be7 33. c4 g4 34. hxg4 hxg4
35. Nc3 g3 36. Bg1 Bd6 37. d5 cxd5 38. cxd5 e5 39. Ne4 Nf5 40. Rc1+ Kd7 41. Rec2
Nh4 42. Bb6 Ke7 43. Bc5 Bxc5 44. bxc5 Rh6 45. Kc4 Rf8 46. Nd6 Rxd6 47. cxd6+
Kxd6 48. Kd3 Nf5 49. Rh1 Ne3 50. Re2 Kxd5 51. Rh7 b5 52. Rd7+ Ke6 53. Ra7 Rd8+
54. Kc3 Rc8+ 55. Kd3 Rd8+ 56. Kc3 Rd6 57. Rd2 Rc6+ 58. Kd3 Nc4 59. Rc2 Rd6+ 60.
Ke2 e4 61. fxe4 Ne3 62. Rd2 Rxd2+ 63. Kxd2 Nxg2 64. Ke2 Ke5 65. Re7+ Kf6 66. Re8
Nh4 67. Rg8 Ke5 68. Rg4 f3+ 69. Ke3 f2 70. Ke2 Nf3 71. Rxg3 Nd2 72. Rg5+ Ke6 73.
Rf5 f1=Q+ 74. Rxf1 Nxf1 75. Kxf1 Ke5 76. Ke2 Kxe4 77. Kd2 Kd4 78. Kc2 Kc4 79.
Kc1 Kb3 80. Kb1 b4 81. Ka1 Kc2 82. Ka2 a5 83. Ka1 a4 84. Ka2 a3 0-1

[Event "Titled Tue 27th May Early"]
[Site "chess.com INT"]
[Date "2025.05.27"]
[Round "7"]
[White "Golubovic, Erik"]
[Black "Maglioni, Leonardo"]
[Result "0-1"]
[WhiteTitle "CM"]
[WhiteElo "2184"]
[BlackElo "2069"]
[WhiteFideId "14586908"]
[BlackFideId "2896830"]
[EventDate "2025.05.27"]

1. d4 Nf6 2. c4 g6 3. Nc3 Bg7 4. e4 d6 5. h3 O-O 6. Nf3 Nc6 7. d5 Na5 8. b4 Nxe4
9. Nxe4 Bxa1 10. bxa5 c6 11. Bd2 Bg7 12. Be2 Bf5 13. Ng3 Bd7 14. O-O Rc8 15. Re1
Re8 16. Bf1 cxd5 17. cxd5 Qc7 18. Qb3 b6 19. axb6 Qxb6 20. Qxb6 axb6 21. Rb1 Ra8
22. Rxb6 Rxa2 23. Rb7 Ba4 24. Bg5 Bf8 25. Ne4 h6 26. Nc3 Ra1 27. Be3 Bc2 28. Nd2
Bd3 29. Ncb1 Bc2 30. Bd4 Ra4 31. Be3 Rea8 32. Rb2 Ra2 33. Rb7 Bg7 34. h4 Ra1 35.
h5 g5 36. Kh2 Be5+ 37. g3 Bxb1 38. Nxb1 Rc8 39. Nd2 Rc2 40. Bg2 Bf6 41. Ne4 Kg7
42. Nxf6 exf6 43. Rd7 Ra6 44. Bd4 Rd2 45. Be3 Rc2 46. Rd8 Rb2 47. Rc8 Rb5 48.
Rc6 Rba5 49. Rc7 Rb5 50. Rc6 Rba5 51. Bd2 Ra2 52. Be3 R2a3 53. Rc2 Ra2 54. g4
Rxc2 55. Kg3 Rb2 56. Be4 Ra3 57. Bf5 Rbb3 58. Kf3 Rb1 59. Be4 Kf8 60. Bf5 Rbb3
61. Be4 Ke7 62. Bf5 Rxe3+ 63. fxe3 Kd8 64. Kf2 Kc7 65. e4 Kb6 66. Kg2 Kc5 67.
Kf2 Kd4 68. Ke2 Ra2+ 69. Kf3 Ra3+ 70. Ke2 Ke5 71. Kf2 Kf4 72. Ke2 Re3+ 73. Kf2
Ra3 74. Ke2 Rh3 75. Kf2 Rh2+ 76. Kg1 Ra2 77. Kf1 Kf3 78. Ke1 Rg2 79. Kf1 Rh2 80.
Ke1 Rg2 81. Kf1 Rxg4 82. Bxg4+ Kxg4 83. Kf2 Kxh5 84. Kg3 Kg6 85. Kg4 h5+ 86. Kg3
f5 87. e5 dxe5 0-1

[Event "Titled Tue 27th May Early"]
[Site "chess.com INT"]
[Date "2025.05.27"]
[Round "7"]
[White "Arabidze, Meri"]
[Black "Akobian, Varuzhan"]
[Result "0-1"]
[WhiteTitle "IM"]
[BlackTitle "GM"]
[WhiteElo "2440"]
[BlackElo "2564"]
[WhiteFideId "13604040"]
[BlackFideId "13300580"]
[EventDate "2025.05.27"]

1. b3 d5 2. Bb2 c5 3. e3 a6 4. c4 d4 5. exd4 cxd4 6. Nf3 Nc6 7. g3 e5 8. Bg2 Nf6
9. O-O Bd6 10. d3 O-O 11. Ba3 Re8 12. Bxd6 Qxd6 13. a3 a5 14. Nbd2 Bf5 15. Qc2
h6 16. Rfe1 Rad8 17. c5 Qf8 18. Nh4 Bh7 19. Ne4 Nxe4 20. Bxe4 Bxe4 21. Rxe4 f5
22. Qc4+ Kh7 23. Re2 e4 24. Qb5 g5 25. Qxb7+ Ne7 26. Ng2 Rb8 27. Qc7 Rec8 28.
Qxa5 Nc6 29. Qa4 exd3 30. Re6 Qxc5 31. Rd1 Qc2 32. Ree1 d2 33. Rf1 Re8 34. Qc4
Qxc4 35. bxc4 Ne5 36. f4 Nxc4 37. fxg5 hxg5 38. Rxf5 Re1+ 39. Nxe1 Ne3 40. Rxd2
Nxf5 41. Nf3 Rd8 42. Nxg5+ Kg6 43. Nf3 Kf6 44. Kf2 d3 45. g4 Ng7 46. Ke3 Re8+
47. Kxd3 Ne6 48. Kc2 Nf4 49. Kb2 Re3 50. Nd4 Ke5 51. Nc6+ Ke4 52. a4 Nd3+ 53.
Ka2 Nc1+ 54. Kb2 Nd3+ 55. Ka2 Nc1+ 56. Kb1 Nb3 57. Rd8 Rc3 58. Kb2 Rh3 59. a5
Nc5 60. Ne7 Na4+ 61. Kc2 Rxh2+ 62. Kb3 Nc5+ 63. Kc4 Rc2+ 64. Kb5 Nb7 65. Re8
Nd6+ 66. Kb6 Nxe8 67. a6 Rb2+ 68. Kc6 Ra2 69. Kb6 Nd6 70. a7 Nb5 71. Kxb5 Rxa7
72. Nc6 Rg7 73. Kb6 Rxg4 74. Kc5 Rg5+ 75. Kb6 Kd5 76. Na5 Rg1 77. Nb7 Rc1 78.
Ka7 Kc6 79. Na5+ Kb5 80. Nb7 Rc7 81. Kb8 Kb6 82. Nd8 Rh7 83. Kc8 Rc7+ 84. Kb8
Rc5 85. Nb7 Rd5 86. Kc8 Rd1 87. Nd8 Rd2 88. Nf7 Kc6 89. Nd8+ Kb6 90. Nf7 Rd5 91.
Nd8 Rd1 92. Nf7 Kc6 93. Nd8+ Kd6 94. Nf7+ Ke7 95. Ne5 Rd5 96. Nc6+ Kd6 97. Nd8
Rc5+ 98. Kb7 Kd7 99. Nf7 Rf5 100. Nh6 Rf4 101. Ng8 Ke6 102. Nh6 Kf6 103. Ng8+
Kf7 104. Nh6+ Kg7 0-1

[Event "Titled Tue 27th May Early"]
[Site "chess.com INT"]
[Date "2025.05.27"]
[Round "7"]
[White "Sydoryka, Vladyslav"]
[Black "Aarav Sinha"]
[Result "1/2-1/2"]
[WhiteTitle "FM"]
[BlackTitle "FM"]
[WhiteElo "2224"]
[BlackElo "2255"]
[WhiteFideId "14145928"]
[BlackFideId "25674064"]
[EventDate "2025.05.27"]

1. c4 e6 2. g3 d5 3. Bg2 Nf6 4. Nf3 dxc4 5. Qa4+ Nbd7 6. Qxc4 c5 7. O-O a6 8.
Qc2 Be7 9. Nc3 O-O 10. d4 b5 11. dxc5 Bxc5 12. Ne5 Nxe5 13. Bxa8 Qb6 14. Bg2 Bb7
15. Ne4 Nxe4 16. Bxe4 Rc8 17. Qb1 h6 18. Bxb7 Qxb7 19. Bf4 Ng6 20. Rc1 Nxf4 21.
gxf4 Bd6 22. Rxc8+ Qxc8 23. Qe4 f5 24. Qd4 Qc7 25. Rd1 Bf8 26. Qc3 Qxf4 27. Qg3
Qe4 28. Qf3 Qc2 29. Rd8 Qxb2 30. Qe3 Qf6 31. Re8 Kf7 32. Ra8 e5 33. Qb3+ Kg6 34.
Qg3+ Kh7 35. Qd3 Bc5 36. h3 Qg5+ 37. Kh2 Qf4+ 38. Qg3 Qxf2+ 39. Qxf2 Bxf2 40.
Rxa6 b4 41. Ra5 Bd4 42. Rb5 Bc3 43. Kg2 Kg6 44. Kf3 Kf6 45. e4 g6 46. Rb6+ Kg5
47. Rc6 Bd2 48. Rc5 Kf6 49. Rc6+ Kg5 50. Rd6 Bc3 51. Rb6 fxe4+ 52. Kxe4 h5 53.
h4+ Kxh4 54. Rxg6 Kh3 55. Kf3 h4 56. Rg2 e4+ 57. Kf2 e3+ 58. Kf1 Bd2 59. Rg6 Kh2
60. Rg4 h3 61. Rg6 Bc3 62. Ke2 Bd2 63. Kd3 Bc3 64. Kxe3 Be1 65. Ke2 Bc3 66. Kf3
Bd2 67. Rg3 Bc3 68. Kg4 Be1 69. Rxh3+ Kg2 70. Rb3 Kf2 71. Rd3 Ke2 72. Rd5 Bd2
73. Kf5 Kd1 74. Ke4 Kc2 75. Rh5 Bc3 76. Rh2+ Kb1 77. Kd3 Bb2 78. Rg2 Kxa2 79.
Kc4 b3 80. Rg3 Kb1 81. Rxb3 Kc2 82. Rd3 Bc1 83. Rd5 Bd2 84. Rd6 Be3 85. Re6 Bd2
86. Re2 Kd1 87. Rg2 Ke1 88. Kd3 Bf4 89. Rg4 Bh2 90. Rg2 Bf4 91. Rg4 Bh2 92. Rh4
Bg3 93. Rg4 Bh2 1/2-1/2

[Event "Titled Tue 27th May Early"]
[Site "chess.com INT"]
[Date "2025.05.27"]
[Round "7"]
[White "Angulo Perez, Sebastian"]
[Black "Dicen, Elis Denele"]
[Result "1/2-1/2"]
[WhiteTitle "CM"]
[BlackTitle "WFM"]
[WhiteElo "2026"]
[BlackElo "2135"]
[WhiteFideId "6544045"]
[BlackFideId "462560"]
[EventDate "2025.05.27"]

1. e4 c6 2. d4 d5 3. Nc3 dxe4 4. Nxe4 Nf6 5. Nxf6+ exf6 6. c3 Bd6 7. Bd3 O-O 8.
Ne2 Re8 9. Qc2 h5 10. Be3 Be6 11. O-O-O Nd7 12. Nf4 Bxf4 13. Bxf4 a5 14. c4 a4
15. d5 cxd5 16. cxd5 Rc8 17. Bc4 b5 18. dxe6 Rxc4 19. Qxc4 bxc4 20. Rxd7 Qc8 21.
exf7+ Kh7 22. fxe8=Q Qxe8 23. Rd4 Qe2 24. Rd2 Qe4 25. Bg3 h4 26. f3 Qe3 27. Bf2
Qf4 28. g3 Qxf3 29. Re1 a3 30. bxa3 Qxa3+ 31. Kd1 hxg3 32. hxg3 c3 33. Rc2 Qd6+
34. Kc1 Qa3+ 35. Kb1 Qb4+ 36. Ka1 Kg6 37. Re3 Qb5 38. Rcxc3 Qf1+ 39. Be1 Qb5 40.
a3 Qd5 41. Rc1 Qd4+ 42. Rec3 Qa4 43. Ka2 Qd4 44. Rb3 Qd5 45. Rb1 Qg2+ 46. R1b2
Qd5 47. Bd2 Qc4 48. Bc3 Qd5 49. Ka1 Qd1+ 50. Rb1 Qd5 51. a4 Qc4 52. Ra3 Qa6 53.
Ka2 Qc4+ 54. Rbb3 Qe2+ 55. Rb2 Qa6 56. a5 Qc4+ 57. Rab3 Qa4+ 58. Kb1 Qe4+ 59.
Ka1 Qa4+ 60. Kb1 Qe4+ 61. Rc2 Qh1+ 62. Kb2 Qe4 63. a6 Qa4 64. Ra3 Qb5+ 65. Ka1
Qf1+ 66. Kb2 Qb5+ 67. Kc1 Qf1+ 68. Kd2 Qf2+ 69. Kd1 Qf1+ 70. Be1 Qb5 71. Rca2
Qd5+ 72. Bd2 Qh1+ 73. Kc2 Qe4+ 74. Kb2 Qd4+ 75. Bc3 Qf2+ 76. Kb3 Qb6+ 77. Bb4
Qe3+ 78. Ka4 Qb6 79. Ba5 Qd4+ 80. Kb5 Qd5+ 81. Kb6 Qd6+ 82. Ka7 Qc5+ 83. Bb6
Qe7+ 84. Ka8 Qe8+ 85. Kb7 Qd7+ 86. Bc7 Qb5+ 87. Ka8 Qc6+ 88. Kb8 Qe8+ 89. Kb7
Qb5+ 90. Bb6 Qd7+ 91. Ka8 Qc8+ 92. Ka7 Qd7+ 93. Kb8 Qd6+ 94. Bc7 Qb4+ 95. Kc8
Qf8+ 96. Kd7 Qf7+ 97. Kc6 Qe6+ 98. Kb5 Qd5+ 99. Ka4 Qc4+ 100. Ka5 Qxc7+ 101. Kb4
Qd6+ 102. Kb3 Qd3+ 103. Kb4 Qd6+ 104. Kb5 Qd5+ 105. Ka4 Qc4+ 106. Ka5 Qc5+ 107.
Ka4 Qc4+ 108. Ka5 Qc7+ 109. Kb4 Qb6+ 110. Kc3 Qc5+ 111. Kb2 Qb4+ 112. Rb3 Qd2+
113. Ka1 Qc1+ 114. Rb1 Qc3+ 115. Rbb2 Qc1+ 116. Rb1 Qc3+ 117. Rab2 Qa3+ 118. Ra2
Qc3+ 1/2-1/2